000 00758nam a2200205Ia 4500
003 OSt
005 20250721145854.0
008 210210b1997 xxu||||| |||| 00| 0 eng d
040 _cAL
041 _aKannada
082 _aK894.9 JAYS
100 _aJAYAPRAKASHA MAVINAKULI Ed.
_9138774
_dಜಯಪ್ರಕಾಶ ಮಾವಿನಕುಳಿ
245 _aSamihita.
_bಸಂಹಿತ
260 _aMudabidire
_bSphatica Prakashana
_c1997
300 _a120,viii
650 _aIggappa Hegadeya Vivahaprahasana Anandamatha Chirasmarane Yayati Chikkavirarajendra Singarevva mattu aramane Durgastamana Vimochane Kurigalu sar Kurigalu Mannina Hadu Chandragiriya tiradalli
_9138775
690 _aKannada Criticism
_9138776
906 _a053303
942 _2ddc
_cBK
999 _c101166
_d101166